00762nam a2200253 a 450000100060000000300090000600800410001502000180005604000280007408200160010210000210011824500440013926000360018330000130021949000270023250500220025965000410028165000380032265000280036065000360038870000240042470000270044870000330047524297CO-ViMGA141112s2004 ck r 000 u spa d a9788434232990 aCO-ViMGAbspacCO-ViMGA04a780.1 C111e1 aCabacés, Roser10aExploremos la naturaleza de la música aEspaña : bParramón, c2008 a80 p. il aJuguemos con la musica aen coleccion v. 114aCOMPOSICION MUSICAL - - ENSEÑANZA 14aFORMAS MUSICALES - - ENSEÑANZA 14aMUSICA - - ENSEÑANZA 14aMUSICA - - LITERATURA INFANTIL 1 aClariana, Anna, il 1 aIngles, Toni, diseño1 aVilaplana, Elisabet, textos